01116nam a2200193Ia 4500001001100000003001000011008004100021040002500062041001300087100002600100245004400126250001100170260007400181300001200255500026000267501011400527520026000641650002100901L911-50841IT-CnALBA170116s9999||||xx |||||||||||||| ||und|| aIT-CnALBAcIT-CnALBA aITALIANO aPATERLINI PIERGIORGIO 0aCIAO, VOIALTRI. LETTERE A LELLA COSTA.  a1a ed. aMILANObZELIG EDITORE c1997 [1° Ed.:1997 - Ed.Ling.Originale: 1997] a171 p.  aROMANZO DI UNA GENERAZIONE MISTERIOSA AGLI ADULTI E AI GIOVANI VENTENNI. CONFUSIONE, DOLORE, POESIA, TENEREZZA, VOGLIA DI VITA, LEGAMI, UTOPIE, CONCRETEZZE. STELLE DI PERIFERIA. GLI ALTRI, INFERNO. SESSO. AMORE IN TUTTE LE SALSE. ALTRE CATASTROFI. GENITOR aSocietà San Paolo EM - Piazza San Paolo, 14 - 12051 ALBA (CN) (non commercial uses only) ® Copyright 2017 aROMANZO DI UNA GENERAZIONE MISTERIOSA AGLI ADULTI E AI GIOVANI VENTENNI. CONFUSIONE, DOLORE, POESIA, TENEREZZA, VOGLIA DI VITA, LEGAMI, UTOPIE, CONCRETEZZE. STELLE DI PERIFERIA. GLI ALTRI, INFERNO. SESSO. AMORE IN TUTTE LE SALSE. ALTRE CATASTROFI. GENITOR aGEOGRAFIA VIAGGI